000 00328nam a22001337a 4500
008 180224b xxu||||| |||| 00| 0 eng d
020 _a08738340270
041 _aeng
080 _a316
100 _a50
101 _aSOC
245 _aThe Family Planning Program in the Socioeconomic Context
_cSrikantan, K.S
942 _2udc
_cBK
999 _c43345
_d43345